[Event "Nakhchivan Sunday GM 05"]
[Site "Nakhchivan"]
[Date "2022.05.18"]
[Round "6"]
[White "Buyukasik, Diyap"]
[Black "Akbas, Umut Ata"]
[Result "0-1"]
[WhiteElo "2239"]
[BlackElo "2314"]
[PlyCount "106"]
[EventDate "2022.05.15"]
[EventType "team-schev"]
[EventRounds "9"]
[EventCountry "AZE"]
[SourceTitle "CBM 208 Extra"]
[Source "ChessBase"]
[SourceDate "2022.07.31"]
[SourceVersion "1"]
[SourceVersionDate "2022.07.31"]
[SourceQuality "1"]
[WhiteTeam "Team D"]
[BlackTeam "Team B"]
[WhiteTeamCountry "AZE"]
[BlackTeamCountry "AZE"]

1. Nf3 Nf6 2. g3 g6 3. Bg2 Bg7 4. 0-0 0-0 5. c4 d5 6. cxd5 Nxd5 7. Nc3 c5 8. d3 Nxc3 9. bxc3 Qa5 10. Bd2 Bxc3 11. Qc2 Bxd2 12. Nxd2 Na6 13. Rfc1 Qc7 14. d4 Bf5 15. Qb2 Rab8 16. e4 Bd7 17. e5 Rfc8 18. d5 Qb6 19. Qc3 Qb4 20. Qe3 Qd4 21. Qe1 Bf5 22. Rc4 Qb2 23. Rh4 b5 24. g4 g5 25. gxf5 gxh4 26. Rd1 Kh8 27. e6 f6 28. d6 Rg8 29. Kh1 Qb4 30. Ne4 Qxe1+ 31. Rxe1 Kg7 32. d7 Rgd8 33. Rc1 c4 34. a3 b4 35. axb4 Rxb4 36. Bf1 Nb8 37. Nc5 Rb5 38. Rxc4 Rb1 39. Kg1 Kh8 40. f3 Nc6 41. Nd3 Rg8+ 42. Kf2 Nd8 43. Rxh4 a5 44. Nf4 Rb4 45. Bd3 Rg5 46. Be4 a4 47. Ng6+ Kg7 48. Nxe7 a3 49. Nc6 a2 50. Nxb4 a1Q 51. e7 Qd4+ 52. Kf1 Rg1+ 53. Ke2 Rg2+ 0-1

[Event "Nakhchivan Sunday GM 05"]
[Site "Nakhchivan"]
[Date "2022.05.15"]
[Round "1"]
[White "Mirzoev, Azer"]
[Black "Buyukasik, Diyap"]
[Result "0-1"]
[WhiteElo "2476"]
[BlackElo "2239"]
[PlyCount "86"]
[EventDate "2022.05.15"]
[EventType "team-schev"]
[EventRounds "9"]
[EventCountry "AZE"]
[SourceTitle "CBM 208 Extra"]
[Source "ChessBase"]
[SourceDate "2022.07.31"]
[SourceVersion "1"]
[SourceVersionDate "2022.07.31"]
[SourceQuality "1"]
[WhiteTeam "Team A"]
[BlackTeam "Team D"]
[WhiteTeamCountry "AZE"]
[BlackTeamCountry "AZE"]

1. d4 Nf6 2. Nf3 e6 3. c4 Bb4+ 4. Nbd2 b6 5. a3 Bxd2+ 6. Qxd2 Bb7 7. g3 0-0 8. Bg2 d6 9. 0-0 a5 10. b3 Nbd7 11. Bb2 Be4 12. Rfd1 Qe7 13. Rac1 Rfe8 14. Bf1 h6 15. Ne1 e5 16. f3 Bb7 17. e4 exd4 18. Bxd4 Nc5 19. Qc3 Nh5 20. g4 Nf4 21. Be3 Ng6 22. Bg2 Nh4 23. Rc2 h5 24. h3 hxg4 25. hxg4 Qe6 26. Bg5 Nxf3+ 27. Nxf3 Qxg4 28. Bc1 Nxe4 29. Qd4 c5 30. Qd3 Re6 31. Nh2 Qg6 32. Nf1 Rae8 33. Ne3 Qh5 34. Nd5 Bxd5 35. cxd5 Rg6 36. Re1 f5 37. Bf4 Rg4 38. Bh2 Kf7 39. Qf3 g6 40. Rce2 Qh4 41. Re3 Ng5 42. Qf2 Nh3+ 43. Rxh3 Rxe1+ 0-1

[Event "TUR-chT 2nd League"]
[Site "Konya"]
[Date "2019.07.28"]
[Round "9.1"]
[White "Buyukasik, Diyap"]
[Black "Ozates, Tuna"]
[Result "1/2-1/2"]
[WhiteElo "2268"]
[BlackElo "2218"]
[PlyCount "87"]
[EventDate "2019.07.22"]
[EventType "team-swiss"]
[EventRounds "9"]
[EventCountry "TUR"]
[SourceTitle "CBM 191 Extra"]
[Source "ChessBase"]
[SourceDate "2019.09.30"]
[SourceVersion "1"]
[SourceVersionDate "2019.09.30"]
[SourceQuality "1"]
[WhiteTeam "Beyazkale Satranc Evi"]
[BlackTeam "Samandag Altin"]
[WhiteTeamCountry "TUR"]
[BlackTeamCountry "TUR"]

1. Nf3 c5 2. c4 Nc6 3. Nc3 e5 4. g3 g6 5. Bg2 Bg7 6. 0-0 Nge7 7. d3 0-0 8. a3 a5 9. Ne1 d6 10. Nc2 Be6 11. Rb1 d5 12. cxd5 Nxd5 13. Ne3 Nde7 14. Bd2 f5 15. Nc4 a4 16. Be3 b6 17. Bg5 e4 18. Nd2 Bf6 19. Bxf6 Rxf6 20. dxe4 f4 21. e5 Rf8 22. gxf4 Rxf4 23. e3 Rf5 24. f4 Rf8 25. Qe2 Qc8 26. Nde4 Qa6 27. Qe1 Rad8 28. Qh4 Kg7 29. Nf6 h6 30. Rbd1 Nf5 31. Qf2 b5 32. Ncd5 Bxd5 33. Bxd5 Nce7 34. e4 Nd4 35. Rc1 Nxd5 36. exd5 Rxf6 37. exf6+ Qxf6 38. Rxc5 Re8 39. Rd1 Re4 40. Rc7+ Kh8 41. Rc8+ Kh7 42. Rc7+ Kh8 43. Rc8+ Kh7 44. Rc7+ 1/2-1/2

[Event "Mersin op 3rd"]
[Site "Mersin"]
[Date "2018.09.11"]
[Round "4"]
[White "Odeev, Handszar"]
[Black "Buyukasik, Diyap"]
[Result "1/2-1/2"]
[WhiteElo "2410"]
[BlackElo "2305"]
[PlyCount "20"]
[EventDate "2018.09.09"]
[EventType "swiss"]
[EventRounds "9"]
[EventCountry "TUR"]
[SourceTitle "CBM 186 Extra"]
[Source "ChessBase"]
[SourceDate "2018.08.24"]
[SourceVersion "1"]
[SourceVersionDate "2018.08.24"]
[SourceQuality "1"]

1. e4 c5 2. Nf3 d6 3. Bb5+ Nd7 4. d4 cxd4 5. Qxd4 a6 6. Bxd7+ Bxd7 7. c4 e5 8. Qd3 h6 9. Nc3 Nf6 10. 0-0 Be7 1/2-1/2

[Event "Hatay op 9th"]
[Site "Hatay"]
[Date "2018.09.06"]
[Round "7"]
[White "Buyukasik, Diyap"]
[Black "Semiev, Suhrab"]
[Result "0-1"]
[WhiteElo "2305"]
[BlackElo "2281"]
[PlyCount "100"]
[EventDate "2018.09.02"]
[EventType "swiss"]
[EventRounds "9"]
[EventCountry "TUR"]
[SourceTitle "CBM 186 Extra"]
[Source "ChessBase"]
[SourceDate "2018.08.24"]
[SourceVersion "1"]
[SourceVersionDate "2018.08.24"]
[SourceQuality "1"]

1. Nf3 Nf6 2. c4 d5 3. cxd5 Nxd5 4. g3 Nc6 5. Bg2 e5 6. 0-0 Be7 7. Nc3 Nb6 8. d3 0-0 9. Bd2 Be6 10. Rc1 f5 11. a3 Bf6 12. b4 a6 13. Be3 Nd4 14. Bxd4 exd4 15. Na4 Nxa4 16. Qxa4 c6 17. Qc2 Re8 18. Rfe1 Qc7 19. a4 Qd7 20. Nd2 a5 21. Nc4 axb4 22. Nb6 Qd6 23. Nxa8 Rxa8 24. Rb1 Kf8 25. Rb2 Ra7 26. Reb1 c5 27. a5 Be7 28. Ra1 b6 29. a6 b5 30. Bb7 c4 31. Rab1 b3 32. Qc1 h6 33. Qd1 Qe5 34. e3 dxe3 35. d4 exf2+ 36. Kxf2 Qd6 37. d5 Bc8 38. Bxc8 Qc5+ 39. Kf1 Qxc8 40. d6 Bf6 41. Rf2 Qd7 42. Qd5 Rxa6 43. Rd1 b2 44. Kg2 Rxd6 45. Qa8+ Kf7 46. Rxd6 Qxd6 47. Qb7+ Qe7 48. Qd5+ Qe6 49. Qb7+ Kg6 50. Rf1 Qe4+ 0-1

[Event "Barcelona Sants op 20th"]
[Site "Barcelona"]
[Date "2018.08.21"]
[Round "5"]
[White "Escalante Ramirez, Brian Sebastian"]
[Black "Buyukasik, Diyap"]
[Result "1-0"]
[WhiteElo "2438"]
[BlackElo "2305"]
[PlyCount "69"]
[EventDate "2018.08.17"]
[EventType "swiss"]
[EventRounds "10"]
[EventCountry "ESP"]
[SourceTitle "CBM 186 Extra"]
[Source "ChessBase"]
[SourceDate "2018.08.24"]
[SourceVersion "1"]
[SourceVersionDate "2018.08.24"]
[SourceQuality "1"]

1. e4 c5 2. Nf3 d6 3. d4 cxd4 4. Nxd4 Nf6 5. Nc3 a6 6. Be3 e5 7. Nf3 Be7 8. Bc4 0-0 9. 0-0 Be6 10. Bb3 Qc7 11. Nh4 g6 12. Qf3 Kg7 13. Bxe6 fxe6 14. Qh3 Nh5 15. Nf3 Qd7 16. Rad1 Nc6 17. Na4 Qe8 18. Nb6 Rd8 19. Qxe6 Nf4 20. Bxf4 Rxf4 21. Nd5 Rxe4 22. Nxe7 Nxe7 23. Ng5 Rb4 24. a3 Rb6 25. Qh3 Kf6 26. Nxh7+ Kg7 27. Ng5 Kf6 28. f4 exf4 29. Ne4+ Kg7 30. Qc3+ Kh6 31. Rxf4 Nf5 32. Rd3 Qe5 33. Rh3+ Kg7 34. Qc7+ Ne7 35. Qxd8 1-0

[Event "TUR Cup										"]
[Site "Antalya"]
[Date "2018.02.01"]
[Round "9"]
[White "Ersahin, Bulent"]
[Black "Buyukasik, Diyap"]
[Result "0-1"]
[WhiteElo "2189"]
[BlackElo "2301"]
[PlyCount "124"]
[EventDate "2018.01.27"]
[EventType "swiss"]
[EventRounds "11"]
[EventCountry "TUR"]
[SourceTitle "CBM 182 Extra"]
[Source "ChessBase"]
[SourceDate "2018.02.23"]
[SourceVersion "1"]
[SourceVersionDate "2018.02.23"]
[SourceQuality "1"]

1. Nf3 Nf6 2. g3 e6 3. Bg2 d5 4. 0-0 Be7 5. d3 0-0 6. Nbd2 c5 7. e4 Nc6 8. Re1 Qc7 9. e5 Nd7 10. Qe2 b5 11. Nf1 a5 12. Bf4 Ba6 13. h4 a4 14. Ne3 Qb6 15. Bh3 Rad8 16. Ng4 c4 17. Be3 Bc5 18. Bg5 Rc8 19. Qd2 cxd3 20. Nf6+ Nxf6 21. Bxf6 Ne7 22. cxd3 Bxf2+ 23. Qxf2 Qxf2+ 24. Kxf2 gxf6 25. exf6 Nc6 26. a3 b4 27. Rac1 bxa3 28. bxa3 Na5 29. Nd4 Nb3 30. Nxb3 axb3 31. Ke3 h5 32. Kd2 Kh7 33. Bf1 Kg6 34. Be2 Kxf6 35. Bxh5 Rg8 36. Rf1+ Ke5 37. Rxc8 Rxc8 38. Bd1 Rb8 39. Be2 d4 40. Rb1 f5 41. Bd1 b2 42. Kc2 Rc8+ 43. Kd2 Rb8 44. Kc2 Bb5 45. Kd2 Bc6 46. Kc2 Ba4+ 47. Kd2 Bc6 48. Kc2 Kf6 49. Be2 Ba4+ 50. Kd2 e5 51. g4 e4 52. g5+ Kg6 53. dxe4 fxe4 54. Bc4 Bd7 55. Kc2 Ba4+ 56. Kd2 Rc8 57. Bd5 Rc2+ 58. Ke1 Kf5 59. Ba2 d3 60. Kf1 e3 61. Re1 Rc1 62. Bb1 Bc2 0-1

[Event "TUR Cup										"]
[Site "Antalya"]
[Date "2018.01.28"]
[Round "2"]
[White "Buyukasik, Diyap"]
[Black "Ozates, Mert"]
[Result "1-0"]
[WhiteElo "2301"]
[BlackElo "1821"]
[PlyCount "83"]
[EventDate "2018.01.27"]
[EventType "swiss"]
[EventRounds "11"]
[EventCountry "TUR"]
[SourceTitle "CBM 182 Extra"]
[Source "ChessBase"]
[SourceDate "2018.02.23"]
[SourceVersion "1"]
[SourceVersionDate "2018.02.23"]
[SourceQuality "1"]

1. Nf3 d5 2. g3 c6 3. Bg2 Nf6 4. 0-0 Bf5 5. d3 h6 6. c4 e6 7. Be3 dxc4 8. dxc4 Nbd7 9. Nc3 Qc7 10. a3 Be7 11. b4 0-0 12. Qb3 Ng4 13. Bd2 e5 14. e4 Be6 15. Nd5 Bxd5 16. cxd5 Ngf6 17. Nh4 Nb6 18. Rac1 Qd7 19. Ng6 Rfe8 20. Nxe5 Qd6 21. Bf4 cxd5 22. Ng4 Qd8 23. Nxf6+ Bxf6 24. exd5 Be5 25. Be3 Bd6 26. a4 Rc8 27. a5 Rxc1 28. Rxc1 Nc8 29. Bh3 Ne7 30. Bxa7 Bb8 31. Bxb8 Qxb8 32. Rd1 Qd6 33. Qc4 Rd8 34. Qb5 Nc6 35. Qxb7 Nxb4 36. Qb6 Kf8 37. Bg2 Ke7 38. Qd4 f6 39. Bf3 Nc6 40. Qg4 Ne5 41. Qxg7+ Nf7 42. Re1+ 1-0

[Event "Kesan op 15th"]
[Site "Kesan"]
[Date "2017.08.17"]
[Round "7"]
[White "Rasulov, Vugar Ural Oglu"]
[Black "Buyukasik, Diyap"]
[Result "1/2-1/2"]
[WhiteElo "2509"]
[BlackElo "2285"]
[PlyCount "173"]
[EventDate "2017.08.13"]
[EventType "swiss"]
[EventRounds "9"]
[EventCountry "TUR"]
[SourceTitle "CBM 180 Extra"]
[Source "ChessBase"]
[SourceDate "2017.10.06"]
[SourceVersion "1"]
[SourceVersionDate "2017.10.06"]
[SourceQuality "1"]

1. d4 Nf6 2. Nf3 e6 3. g3 d5 4. Bg2 Be7 5. 0-0 0-0 6. c4 dxc4 7. Qc2 a6 8. a4 Bd7 9. Qxc4 Bc6 10. Bg5 Nbd7 11. Nc3 h6 12. Bxf6 Nxf6 13. Ne5 Bxg2 14. Kxg2 Qd6 15. e4 Qb4 16. Rfd1 Rfd8 17. Qxb4 Bxb4 18. Kf3 Nd7 19. Nd3 Bf8 20. b3 c5 21. d5 c4 22. bxc4 Rac8 23. Ne2 Rxc4 24. dxe6 fxe6 25. Nef4 Kf7 26. a5 g5 27. Ne2 Ke8 28. Rdc1 b5 29. axb6 Nxb6 30. Ne5 Rxc1 31. Nxc1 Ra8 32. Nb3 Bg7 33. Ra5 Ke7 34. Kg4 Bxe5 35. Rxe5 Kf6 36. f4 Nd7 37. Ra5 Rb8 38. e5+ Kf7 39. Nd4 gxf4 40. gxf4 Rb4 41. Nf3 Rb6 42. Ra3 Nf8 43. Rc3 Rb7 44. Rc6 Ra7 45. f5 a5 46. Nd4 exf5+ 47. Kxf5 a4 48. Nb5 Ra5 49. Rc7+ Kg8 50. Na3 Rd5 51. Ra7 Rd2 52. h4 Rf2+ 53. Ke4 Re2+ 54. Kf5 Rf2+ 55. Kg4 Re2 56. Ra5 Re3 57. Nc2 Re4+ 58. Kf5 Rxh4 59. Ne3 Rh5+ 60. Ke4 Rh4+ 61. Kd5 Rf4 62. Kd6 Ng6 63. e6 a3 64. Nd5 Rf3 65. Ra8+ Kg7 66. Ra7+ Kf8 67. Ra8+ Kg7 68. e7 Nxe7 69. Kxe7 h5 70. Ra4 Kg6 71. Ke6 Kg5 72. Ra8 Kg4 73. Ke5 Kg3 74. Rg8+ Kf2 75. Nf4 h4 76. Rg2+ Kf1 77. Ra2 h3 78. Ke4 Rb3 79. Kf5 Ke1 80. Rh2 Kf1 81. Rh1+ Kf2 82. Kg4 Rg3+ 83. Kh4 Rf3 84. Kg4 Rg3+ 85. Kf5 a2 86. Ra1 Ra3 87. Nxh3+ 1/2-1/2

[Event "Kesan op 15th"]
[Site "Kesan"]
[Date "2017.08.16"]
[Round "6"]
[White "Buyukasik, Diyap"]
[Black "Ozalp, Burak"]
[Result "1-0"]
[WhiteElo "2285"]
[BlackElo "2129"]
[PlyCount "95"]
[EventDate "2017.08.13"]
[EventType "swiss"]
[EventRounds "9"]
[EventCountry "TUR"]
[SourceTitle "CBM 180 Extra"]
[Source "ChessBase"]
[SourceDate "2017.10.06"]
[SourceVersion "1"]
[SourceVersionDate "2017.10.06"]
[SourceQuality "1"]

1. Nf3 g6 2. g3 Bg7 3. c4 d6 4. Nc3 Nc6 5. Bg2 e5 6. 0-0 f5 7. d3 Nf6 8. Rb1 0-0 9. b4 h6 10. b5 Ne7 11. a4 g5 12. Nd2 Rb8 13. Ba3 b6 14. Nb3 Be6 15. Na2 f4 16. d4 e4 17. d5 Bf5 18. Nd4 Qd7 19. Rb3 e3 20. gxf4 exf2+ 21. Kh1 Ng6 22. fxg5 hxg5 23. Nxf5 Qxf5 24. Rf3 Qe5 25. Qc2 Ng4 26. Rg3 Ne3 27. Qxg6 Nxf1 28. Bxf1 Rbe8 29. Qxg5 Qxg5 30. Rxg5 Kh7 31. Bc1 Re4 32. e3 Rh4 33. Kg2 Bf6 34. Rf5 Rg8+ 35. Kf3 Be5 36. h3 Kg6 37. e4 Kh7 38. Kxf2 Kh8 39. Bg2 Bd4+ 40. Kf3 Be5 41. Bg5 Rh7 42. h4 Kg7 43. Nb4 Rf8 44. Bh3 Bf6 45. Kg4 Bxg5 46. Rxg5+ Kh8 47. Nd3 Re7 48. e5 1-0

[Event "TUR-chT"]
[Site "Kocaeli"]
[Date "2017.08.04"]
[Round "11.1"]
[White "Osmak, Iulija"]
[Black "Buyukasik, Diyap"]
[Result "1/2-1/2"]
[WhiteElo "2353"]
[BlackElo "2285"]
[PlyCount "87"]
[EventDate "2017.07.26"]
[EventType "team-tourn"]
[EventRounds "13"]
[EventCountry "TUR"]
[SourceTitle "CBM 179 Extra"]
[Source "ChessBase"]
[SourceDate "2017.08.23"]
[SourceVersion "1"]
[SourceVersionDate "2017.08.23"]
[SourceQuality "1"]
[WhiteTeam "Karaman Belediye"]
[BlackTeam "Canakkale Gokceada"]
[WhiteTeamCountry "TUN"]
[BlackTeamCountry "TUR"]

1. d4 Nf6 2. Bf4 g6 3. e3 Bg7 4. Nf3 0-0 5. Be2 d6 6. h3 c5 7. c3 Be6 8. Nbd2 Qb6 9. Qc1 Nc6 10. Ng5 cxd4 11. exd4 Bd5 12. 0-0 Rac8 13. Be3 Na5 14. a4 Qc6 15. Ngf3 Ne4 16. Bb5 Qc7 17. Qe1 a6 18. Bd3 Nxd2 19. Nxd2 e5 20. dxe5 dxe5 21. f3 Nc4 22. Nxc4 Bxc4 23. Bxc4 Qxc4 24. a5 Rfd8 25. Bb6 Rd5 26. Rd1 Bf8 27. Qe4 Bc5+ 28. Bxc5 Qxc5+ 29. Kh1 Rcd8 30. Rxd5 Qxd5 31. Qb4 Qd3 32. Re1 Qd5 33. Qe7 Qxa5 34. Qxb7 Rd5 35. Kh2 Kg7 36. Qe7 Qb5 37. Qg5 Qxb2 38. Rxe5 Qb8 39. f4 h6 40. Qe7 Rd1 41. Re4 Qb6 42. Qe5+ Kh7 43. Re3 Qd6 44. c4 1/2-1/2

[Event "TUR-chT"]
[Site "Kocaeli"]
[Date "2017.08.03"]
[Round "9.2"]
[White "Burcu, Cagatay"]
[Black "Buyukasik, Diyap"]
[Result "1/2-1/2"]
[WhiteElo "2268"]
[BlackElo "2285"]
[PlyCount "103"]
[EventDate "2017.07.26"]
[EventType "team-tourn"]
[EventRounds "13"]
[EventCountry "TUR"]
[SourceTitle "CBM 179 Extra"]
[Source "ChessBase"]
[SourceDate "2017.08.23"]
[SourceVersion "1"]
[SourceVersionDate "2017.08.23"]
[SourceQuality "1"]
[WhiteTeam "Istanbul Besiktas"]
[BlackTeam "Canakkale Gokceada"]
[WhiteTeamCountry "TUR"]
[BlackTeamCountry "TUR"]

1. d4 Nf6 2. Bf4 g6 3. Nc3 d5 4. e3 Bg7 5. h4 h6 6. Be2 0-0 7. Nf3 c5 8. Ne5 Nc6 9. 0-0 cxd4 10. exd4 Nd7 11. Qd2 Ndxe5 12. dxe5 d4 13. Ne4 Kh7 14. c3 dxc3 15. Qxc3 Qd4 16. Qxd4 Nxd4 17. Bc4 Be6 18. Rfd1 Rad8 19. Bxe6 Nxe6 20. Bg3 g5 21. Nc3 Nf4 22. hxg5 hxg5 23. Re1 Kg6 24. Re4 Kf5 25. Rae1 Rd2 26. Bxf4 gxf4 27. Rb4 Bxe5 28. Rb5 f6 29. Rxb7 Bd4 30. Ne2 Bb6 31. Rxe7 Rg8 32. Kf1 Rh8 33. Kg1 Rxb2 34. Rd1 Rd8 35. Rxd8 Bxd8 36. Nd4+ Kg6 37. Rxa7 Bb6 38. Ra4 Rd2 39. Nf3 Rxf2 40. Kh2 Kf5 41. Rb4 Be3 42. Kh3 Rxa2 43. Nh4+ Ke6 44. Re4+ Kd5 45. Re8 Bd4 46. Kg4 Be5 47. Kf5 Kc4 48. Rg8 Kd3 49. Ng6 Ke3 50. Nxe5 fxe5 51. Kxe5 Ra5+ 52. Kf6 1/2-1/2

[Event "Veliko Gradiste Silver Lake op-A"]
[Site "Veliko Gradiste"]
[Date "2017.06.23"]
[Round "7"]
[White "Buyukasik, Diyap"]
[Black "Budisavljevic, Luka"]
[Result "0-1"]
[WhiteElo "2261"]
[BlackElo "2155"]
[PlyCount "158"]
[EventDate "2017.06.18"]
[EventType "swiss"]
[EventRounds "9"]
[EventCountry "SRB"]
[SourceTitle "CBM 179 Extra"]
[Source "ChessBase"]
[SourceDate "2017.08.23"]
[SourceVersion "1"]
[SourceVersionDate "2017.08.23"]
[SourceQuality "1"]

1. Nf3 Nf6 2. g3 b5 3. Bg2 Bb7 4. Na3 a6 5. c4 e5 6. b3 e4 7. Nd4 c5 8. Nf5 d5 9. cxd5 Nxd5 10. Bb2 Qg5 11. Ne3 Nxe3 12. dxe3 Be7 13. Qc2 Qg6 14. 0-0 Nd7 15. Nb1 0-0 16. a4 f5 17. Rd1 Bc6 18. Nc3 Nf6 19. Na2 Qf7 20. axb5 axb5 21. Nc3 Nd5 22. Rxa8 Rxa8 23. Ra1 Rxa1+ 24. Bxa1 Nxc3 25. Qxc3 b4 26. Qe5 Bd5 27. Bh3 Bf6 28. Qb8+ Qf8 29. Qa7 Bxa1 30. Qxa1 Bxb3 31. Qe5 g6 32. g4 c4 33. gxf5 gxf5 34. Kf1 c3 35. Bxf5 c2 36. Be6+ Bxe6 37. Qxe6+ Kg7 38. Qe5+ Kh6 39. Qe6+ Kg5 40. h4+ Kh5 41. Qd5+ Kg6 42. Qc6+ Qf6 43. Qxc2 Qa1+ 44. Kg2 Qc3 45. Qxe4+ Kf7 46. h5 b3 47. Qf5+ Kg8 48. Qe6+ Kf8 49. Qd6+ Kg8 50. Qd8+ Kg7 51. Qe7+ Kh6 52. Qe6+ Kxh5 53. f4 Qg7+ 54. Kh3 b2 55. Qd5+ Kg6 56. Qg5+ Kf7 57. Qf5+ Ke7 58. Qc5+ Ke8 59. Qc8+ Kf7 60. Qc4+ Kg6 61. Qd3+ Kh6 62. e4 Qb7 63. Qd4 Kg6 64. f5+ Kh5 65. e5 Qh1+ 66. Kg3 Qe1+ 67. Kh3 Qh1+ 68. Kg3 b1Q 69. Qg4+ Kh6 70. Qf4+ Kg7 71. Qg5+ Kf7 72. e6+ Ke8 73. Qg8+ Ke7 74. Qf7+ Kd6 75. Qf8+ Ke5 76. Qc5+ Qd5 77. Qe3+ Kxf5 78. e7 Qb8+ 79. Kf2 Qh2+ 0-1

[Event "Veliko Gradiste Silver Lake op-A"]
[Site "Veliko Gradiste"]
[Date "2017.06.21"]
[Round "5"]
[White "Buyukasik, Diyap"]
[Black "Van Foreest, Lucas"]
[Result "0-1"]
[WhiteElo "2261"]
[BlackElo "2488"]
[PlyCount "110"]
[EventDate "2017.06.18"]
[EventType "swiss"]
[EventRounds "9"]
[EventCountry "SRB"]
[SourceTitle "CBM 179 Extra"]
[Source "ChessBase"]
[SourceDate "2017.08.23"]
[SourceVersion "1"]
[SourceVersionDate "2017.08.23"]
[SourceQuality "1"]

1. Nf3 Nf6 2. g3 b6 3. Bg2 g6 4. 0-0 Bb7 5. c4 Bg7 6. d4 0-0 7. Nc3 Ne4 8. Bd2 d6 9. Nxe4 Bxe4 10. Bc3 Nc6 11. Qa4 Qe8 12. Qa3 d5 13. cxd5 Bxd5 14. Rfe1 Be4 15. d5 Bxc3 16. Qxc3 Bxd5 17. e4 Be6 18. Rac1 Nd8 19. Qxc7 Bxa2 20. Ra1 Be6 21. Nd4 Rc8 22. Qxa7 Nc6 23. Qxb6 Nxd4 24. Qxd4 Qb5 25. Bf1 Qb3 26. Ra3 Qc2 27. b4 Rfd8 28. Qe3 Qb2 29. b5 Rd2 30. Rd3 Rdc2 31. Rdd1 Ba2 32. h4 h5 33. Re2 Be6 34. Ree1 Ba2 35. Bd3 R2c3 36. Rd2 Qb4 37. Qe2 Be6 38. Rb1 Qd4 39. Qd1 Ba2 40. Ra1 Bb3 41. Bc2 Qc5 42. Bxb3 Rxg3+ 43. Kh1 Rg4 44. Rd8+ Kg7 45. Qd4+ Qxd4 46. Rxd4 Rc3 47. Kh2 Rxb3 48. f3 Rxh4+ 49. Kg2 Rxb5 50. Kg3 g5 51. Ra7 Rf4 52. Rd3 e6 53. Rc7 Rb2 54. Ra3 h4+ 55. Kh3 Rf2 0-1

[Event "EU-ch Amateur U2300"]
[Site "Nis"]
[Date "2017.06.12"]
[Round "4"]
[White "Zivkovic, Momcilo"]
[Black "Buyukasik, Diyap"]
[Result "0-1"]
[WhiteElo "2107"]
[BlackElo "2261"]
[PlyCount "120"]
[EventDate "2017.06.10"]
[EventType "swiss"]
[EventRounds "9"]
[EventCountry "SRB"]
[SourceTitle "EXT 2018"]
[Source "ChessBase"]
[SourceDate "2017.10.13"]
[SourceVersion "1"]
[SourceVersionDate "2017.10.13"]
[SourceQuality "1"]

1. e4 c5 2. c3 Nf6 3. e5 Nd5 4. Nf3 d6 5. d4 cxd4 6. Bb5+ Bd7 7. Bxd7+ Qxd7 8. 0-0 e6 9. Qxd4 Nc6 10. Qe4 dxe5 11. Nxe5 Nxe5 12. Qxe5 Qd6 13. Qxd6 Bxd6 14. Nd2 0-0-0 15. Ne4 Bc7 16. Bg5 f6 17. Bd2 Nb6 18. Rad1 Rd5 19. Bc1 Rhd8 20. Rxd5 Rxd5 21. b3 Re5 22. Ng3 Ra5 23. a4 Rd5 24. Bb2 Nd7 25. Rb1 Bb6 26. Kf1 Ne5 27. c4 Rd2 28. Ne4 Rc2 29. Bxe5 fxe5 30. Rd1 Bd4 31. Rd2 Rc1+ 32. Ke2 Kc7 33. Ng5 Kd6 34. f4 Ke7 35. fxe5 Bxe5 36. Nf3 Bf6 37. g4 Bc3 38. Rd3 Bb4 39. h4 Rc2+ 40. Kd1 Rg2 41. g5 Bd6 42. Re3 g6 43. Rd3 Rg4 44. Kc2 e5 45. Re3 Ke6 46. Kd3 Kf5 47. Nd2 Rd4+ 48. Kc3 Rxh4 49. b4 e4 50. c5 Bf4 51. Re2 Be5+ 52. Kb3 Rh3+ 53. Ka2 Rh2 54. Rxh2 Bxh2 55. Nc4 Bf4 56. b5 e3 57. c6 bxc6 58. bxc6 e2 59. Ne3+ Kxg5 60. Ng2 Bc7 0-1